MCU Characters with Solo Movies - Statistics

General Stats
  • This quiz has been taken 220 times
  • The average score is 9 of 11
Answer Stats
Year Answer % Correct
2008, 2010, 2013 Iron Man
100%
2011, 2014, 2016 Captain America
98%
2008 Hulk
98%
2011, 2013, 2017 Thor
98%
2017, 2019 Spider-Man
92%
2015, 2018 Ant-Man
87%
2018 Black Panther
87%
2016 Doctor Strange
86%
2019 Captain Marvel
85%
2020 Black Widow
83%
2018 Thanos
15%
No matching quizzes found
Score Distribution
Percent of People with Each Score
Percentile by Number Answered
Your Score History
You have not taken this quiz